Simulation studies of clusters and surfaces /
Saved in:
| 主要作者: | |
|---|---|
| 格式: | Thesis 图书 |
| 语言: | English |
| 出版: |
1993.
|
| 主题: | |
| 标签: |
添加标签
没有标签, 成为第一个标记此记录!
|
| LEADER | 00748cam a2200229 a 4500 | ||
|---|---|---|---|
| 001 | u350621 | ||
| 003 | SIRSI | ||
| 008 | 940420s1993 si v 00 1 eng m | ||
| 035 | |a ABS-5142 | ||
| 040 | |a UMM | ||
| 090 | |a QC173.4 |b S94Lim | ||
| 100 | 1 | 0 | |a Lim, Hock Siah. |
| 245 | 1 | 0 | |a Simulation studies of clusters and surfaces / |c Lim Hock Siah. |
| 260 | |c 1993. | ||
| 300 | |a iii, 106 leaves : |b ill. ; |c 30 cm. | ||
| 502 | |a Dissertation (M.Sc.) -- National University of Singapore, 1993. | ||
| 650 | 0 | |a Molecular dynamics |x Computer simulation. | |
| 650 | 0 | |a Cluster theory (Nuclear physics) | |
| 650 | 0 | |a Surfaces (Technology) | |
| 948 | |a 20/04/1994 |b 25/11/2000 | ||
| 596 | |a 1 | ||
| 999 | |a QC173.4 S94LIM |w LC |c 1 |i A505730258 |l STACKS |m P01UTAMA |r Y |s Y |t TESIS |u 1/7/1996 | ||
